|
|
|
|
| LEADER |
00000cam a2200000 a 4500 |
| 001 |
vtls010658847 |
| 003 |
SK-MaSNL |
| 005 |
20260302052715.0 |
| 008 |
240226s1988 xr n 000 0 cze |
| 015 |
|
|
|a SNBA1988
|
| 035 |
|
|
|a 3FA76D00-3AB9-4A28-B582-813F83AA03A9
|
| 035 |
|
|
|a urn:nbn:sk:snk-amjqds
|
| 035 |
|
|
|a urn:nbn:sk:snk-am002f8w
|
| 040 |
|
|
|a SNK
|b slo
|c SNK
|e AACR2
|
| 041 |
0 |
|
|a cze
|a slo
|
| 044 |
|
|
|a xr
|c CZ
|
| 080 |
|
|
|a 347.77(082)
|2 1981
|
| 245 |
0 |
0 |
|a K dodržování socialistické zákonnosti v oblasti vynálezectví a zlepšovatelství
|n sv. [1]
|
| 260 |
|
|
|a Karlovy Vary
|b [vydavateľ nie je známy]
|c 1988
|
| 300 |
|
|
|a 158 s.
|c 21 cm
|
| 500 |
|
|
|a Čiast. text sloven.
|
| 500 |
|
|
|a Názov z obalu
|
| 504 |
|
|
|a Bibliogr. odkazy
|
| 546 |
|
|
|a Text aj v slov.
|
| 650 |
0 |
7 |
|a socializmus
|2 SNKPH
|9 2151
|
| 655 |
|
7 |
|a monografie
|2 SNKPH
|9 70139
|
| 958 |
|
|
|a OND
|
| 958 |
|
|
|a NB
|
| 958 |
|
|
|a CZ
|
| 999 |
|
|
|c 1106309
|d 1108239
|
| 952 |
|
|
|t P60, <03>, [BOOK], {603}
|a SNK
|b SNK
|y PREZ
|7 0
|p 17A0929506
|o snkSC 72150/1
|i snkKIP 7911/88
|0 0
|1 0
|4 0
|d 1999-05-12
|l 0
|r 2025-07-25 00:00:00
|w 2026-02-24
|
| 952 |
|
|
|t P60, <04>, [BOOK], {604}
|a SNK
|b SNK
|y VYP
|7 0
|p 17A1138296
|o snkSC 72150/1 D1
|i snkKIP 7912/88
|0 0
|1 0
|4 0
|d 1999-05-12
|f 1
|l 0
|r 2005-01-02 00:00:00
|w 2026-02-24
|